Scott free. (Record no. 13639)

000 -LEADER
fixed length control field 00661nam a2200217 a 4500
001 - CONTROL NUMBER
control field :::00011462$&:&@@
003 - CONTROL NUMBER IDENTIFIER
control field OkBaRHE
005 - DATE AND TIME OF LATEST TRANSACTION
control field 20000607103408.0
008 - FIXED-LENGTH DATA ELEMENTS--GENERAL INFORMATION
fixed length control field s1976 j 000 0 eng u
040 ## - CATALOGING SOURCE
Transcribing agency
100 1# - MAIN ENTRY--PERSONAL NAME
Personal name Ross, Scott, 1939-
245 10 - TITLE STATEMENT
Title Scott free.
Statement of responsibility, etc Illustrated by Linny Cobb.
260 ## - PUBLICATION, DISTRIBUTION, ETC. (IMPRINT)
Place of publication, distribution, etc Lincoln, VA., :
Name of publisher, distributor, etc Chosen Books
Date of publication, distribution, etc c1976
300 ## - PHYSICAL DESCRIPTION
Extent 156 p. : illus. ;
Dimensions 21 cm.
650 ## - SUBJECT ADDED ENTRY--TOPICAL TERM
Topical term or geographic name as entry element Conversion
650 ## - SUBJECT ADDED ENTRY--TOPICAL TERM
Topical term or geographic name as entry element Ross, Scott, 1939-
700 ## - ADDED ENTRY--PERSONAL NAME
Personal name Sherrill, Elizabeth.
700 ## - ADDED ENTRY--PERSONAL NAME
Personal name Sherrill, John L.
942 ## - ADDED ENTRY ELEMENTS (KOHA)
Source of classification or shelving scheme
Koha item type Books
Copies
Date last seen Withdrawn status Lost status Source of classification or shelving scheme Full call number Permanent Location Barcode Copy number Not for loan Damaged status Shelving location Price effective from Koha item type Date acquired
2010-04-14   BV 4935 .R595A34RHEMA Bible Training College114621  General Stacks2010-04-14Books2010-04-14